Simple present Test - Statistics

General Stats
  • This quiz has been taken 236 times
  • The average score is 6 of 10
Answer Stats
Question Answer % Correct
The goalkeeper________ the ball in a penalty kick. catches
80%
The referee__________faster in the field of play. runs
70%
The referee__________a yellow card to the coach. shows
70%
I_________ the whistle strongly. sound
70%
The club Doctor_____ for the referee's permission. waits
70%
The referees_________ in the pitch every day. jog
60%
The goalkeepers_______the ball. kick
60%
The assistant referee_______ the flag. rises
60%
The captain of the blue team_________ a goal at 89 minutes. gets
50%
A defender_________ a forward in the penalty area. kicks
30%
No matching quizzes found
Score Distribution
Percent of People with Each Score
Percentile by Number Answered
Your Score History
You have not taken this quiz